[Event "Mittelfrank Regionalliga Nord-Ost 2122"]
[Site "Mittelfranken"]
[Date "2022.05.29"]
[Round "9.8"]
[White "Borisov, Ivaylo"]
[Black "Gold, Michael"]
[Result "1-0"]
[WhiteElo "1691"]
[BlackElo "1404"]
[PlyCount "51"]
[EventDate "2021.10.24"]
[EventType "team-tourn"]
[EventRounds "9"]
[EventCountry "GER"]
[SourceTitle "EXT 2024"]
[Source "ChessBase"]
[SourceDate "2023.10.10"]
[SourceVersion "1"]
[SourceVersionDate "2023.10.10"]
[SourceQuality "1"]
[WhiteTeam "Forchheim SC"]
[BlackTeam "Kelheim II"]
[WhiteTeamCountry "GER"]
[BlackTeamCountry "GER"]

1. e4 c5 2. d4 cxd4 3. c3 dxc3 4. Nxc3 Nc6 5. Nf3 d6 6. Bc4 Nf6 7. e5 Nd7 8. Bxf7+ Kxf7 9. e6+ Ke8 10. exd7+ Qxd7 11. 0-0 e5 12. Bg5 Be7 13. Bxe7 Kxe7 14. Nd5+ Ke8 15. Rc1 Rf8 16. Ng5 Qf5 17. f4 exf4 18. Nc7+ Kd7 19. Nge6 Rf6 20. Rxf4 Qe5 21. Rxf6 Qxf6 22. Qh5 Qe7 23. Re1 Ne5 24. Qd1 Qf6 25. Qa4+ Ke7 26. Qe8# 1-0

[Event "Mittelfrank Regionalliga Nord-Ost 2122"]
[Site "Mittelfranken"]
[Date "2022.05.15"]
[Round "5.6"]
[White "Gold, Michael"]
[Black "Hanisch, Friedrich"]
[Result "0-1"]
[WhiteElo "1404"]
[BlackElo "1975"]
[PlyCount "71"]
[EventDate "2021.10.24"]
[EventType "team-tourn"]
[EventRounds "9"]
[EventCountry "GER"]
[SourceTitle "EXT 2024"]
[Source "ChessBase"]
[SourceDate "2023.10.10"]
[SourceVersion "1"]
[SourceVersionDate "2023.10.10"]
[SourceQuality "1"]
[WhiteTeam "Kelheim II"]
[BlackTeam "Altensittenbach"]
[WhiteTeamCountry "GER"]
[BlackTeamCountry "GER"]

1. c4 c6 2. g3 d5 3. e3 e5 4. Bg2 Nf6 5. Ne2 Be7 6. b3 Be6 7. Qc2 Na6 8. a3 d4 9. exd4 exd4 10. Nf4 Qd7 11. 0-0 Bf5 12. d3 0-0 13. Bb2 Rae8 14. Nd2 Bd6 15. Bxd4 Bxf4 16. Bxf6 Bxd2 17. Bxg7 Kxg7 18. Qxd2 Qxd3 19. Qg5+ Bg6 20. h4 Qf5 21. Qd2 Rd8 22. Qc3+ Kg8 23. Rfe1 Rfe8 24. b4 Nc7 25. a4 Ne6 26. Be4 Qg4 27. Bf3 Qd4 28. Qc1 Qd2 29. Qxd2 Rxd2 30. Rad1 Red8 31. b5 Rxd1 32. Bxd1 Rd4 33. Be2 cxb5 34. axb5 b6 35. f3 Bd3 36. Rd1 0-1

[Event "GER-chT Christmas U16 Steinitz"]
[Site "Playchess.com INT"]
[Date "2020.12.28"]
[Round "2.1"]
[White "Burns, Mikala Tristan"]
[Black "Gold, Michael"]
[Result "1/2-1/2"]
[WhiteElo "1574"]
[BlackElo "1408"]
[PlyCount "152"]
[EventDate "2020.12.28"]
[EventType "team-swiss (blitz)"]
[EventRounds "7"]
[EventCountry "GER"]
[SourceTitle "CBM 200 Extra"]
[Source "ChessBase"]
[SourceDate "2021.03.31"]
[SourceVersion "1"]
[SourceVersionDate "2021.03.31"]
[SourceQuality "1"]
[WhiteTeam "Dresden Gruen Weiss"]
[BlackTeam "Kelheim"]
[WhiteTeamCountry "GER"]
[BlackTeamCountry "GER"]

1. e4 c5 2. Nf3 d6 3. d4 cxd4 4. Nxd4 Nf6 5. f3 Nc6 6. c4 a6 7. Nc3 e5 8. Nc2 Be6 9. Be3 Be7 10. Qd2 Rc8 11. Be2 0-0 12. 0-0 Na5 13. b3 b5 14. cxb5 axb5 15. Nxb5 Bxb3 16. axb3 Nxb3 17. Qd3 Nxa1 18. Rxa1 d5 19. exd5 Nxd5 20. Bf2 Nf4 21. Qe4 f6 22. Bc4+ Kh8 23. Ne3 Bc5 24. Rd1 Qa5 25. Bf1 Rfd8 26. Rxd8+ Rxd8 27. Qc4 Qb6 28. Ng4 Bxf2+ 29. Nxf2 Rd2 30. Qc8+ Rd8 31. Qc7 Qxc7 32. Nxc7 Rc8 33. Nb5 Rc1 34. g3 Nd5 35. Nd3 Rb1 36. Na3 Ra1 37. Nc2 Ra2 38. Ncb4 Nxb4 39. Nxb4 Rb2 40. Nd3 Ra2 41. Nf2 h5 42. Ne4 Kh7 43. Bd3 Kh6 44. Nf2 g6 45. Kg2 f5 46. Bc4 Rc2 47. Bd3 Rd2 48. Kf1 Kg5 49. Ke1 Ra2 50. Kf1 f4 51. Nh3+ Kf6 52. gxf4 exf4 53. Nxf4 Rxh2 54. Nxg6 Kg5 55. f4+ Kg4 56. Kg1 Kg3 57. f5 Rd2 58. Bf1 h4 59. f6 Rf2 60. Nxh4 Rxf6 61. Ng2 Rh6 62. Ne3 Re6 63. Nf5+ Kf4 64. Nd4 Rd6 65. Ne2+ Kf3 66. Nc3 Rd2 67. Ne2 Rd8 68. Nc3 Rg8+ 69. Kh2 Kf2 70. Bh3 Rh8 71. Ne4+ Kf3 72. Ng5+ Kf4 73. Ne6+ Ke5 74. Ng5 Rh5 75. Nf3+ Kf4 76. Nd2 Rd5 1/2-1/2

[Event "GER-chT Christmas U16 Steinitz"]
[Site "Playchess.com INT"]
[Date "2020.12.28"]
[Round "6.1"]
[White "Gold, Michael"]
[Black "Werner, Rosalie"]
[Result "1-0"]
[WhiteElo "1408"]
[BlackElo "1751"]
[PlyCount "77"]
[EventDate "2020.12.28"]
[EventType "team-swiss (blitz)"]
[EventRounds "7"]
[EventCountry "GER"]
[SourceTitle "CBM 200 Extra"]
[Source "ChessBase"]
[SourceDate "2021.03.31"]
[SourceVersion "1"]
[SourceVersionDate "2021.03.31"]
[SourceQuality "1"]
[WhiteTeam "Kelheim"]
[BlackTeam "Offenbach"]
[WhiteTeamCountry "GER"]
[BlackTeamCountry "GER"]

1. e4 c5 2. Nc3 g6 3. g3 Bg7 4. Bg2 Nc6 5. d3 d6 6. f4 e5 7. Nf3 Nge7 8. 0-0 0-0 9. h3 a6 10. g4 b5 11. f5 b4 12. Ne2 Bd7 13. Ng3 Qb6 14. Be3 Nd4 15. Qd2 f6 16. Nh4 g5 17. Nf3 Nxf3+ 18. Bxf3 h6 19. Kg2 Bb5 20. Rh1 Kf7 21. h4 Rh8 22. Rh2 Rad8 23. Rah1 Qb8 24. hxg5 hxg5 25. Nh5 Bd7 26. Bxg5 fxg5 27. Qxg5 Rdg8 28. Nxg7 Rxh2+ 29. Rxh2 Rxg7 30. Qh5+ Kf8 31. Qh8+ Ng8 32. f6 Rg6 33. Rh7 Bxg4 34. Rg7 Bxf3+ 35. Kxf3 Rxf6+ 36. Ke2 Ke8 37. Qxg8+ Rf8 38. Qe6+ Kd8 39. Qd7# 1-0